• 首页
  • 本馆介绍
  • 公告通知
  • 最新文献
  • 馆藏检索
  • 电子资源
  • 读者导购
  • 参考咨询
  • 我的图书馆
  • 登录
  • 详细信息显示
  • 放入我的书架
  • 预约/预借图书
  • 作者相关作品
  • 分类相关作品
  • 丛书相关作品
  • 出版社相关作品

书目信息

  • 表格格式
  • 工作单格式
  • 卡片格式
题名:
东南亚“华人问题”的形成与发展
    
 
作者: 方金英 著
分册:  
出版信息: 北京   时事出版社  2001
页数: 185页
开本: 19cm
丛书名:
单 册:
中图分类: D634.333
科图分类:
主题词: 华人--问题--研究--东南亚
电子资源:
ISBN: 7-80009-672-6
000 00828nam0 2200205 45
001 0309090653
005 20031219104114.0
010    @a7-80009-672-6@dCNY18.00
100    @a20030909d2001 km y0chiy0120 ea
101 0  @achi
105    @a z 000yy
200 1  @a东南亚“华人问题”的形成与发展@ADong Nan Ya“Hua Ren Wen Ti”De Xing Cheng Yu Fa Zhan@e泰国、菲律宾、马来西亚、印度尼西亚案例研究@ETai Guo、FeiLu Bin、Ma Lai Xi Ya、Yin Du Ni Xi Ya An Li Yan Jiu@f方金英著@FFang Jin Ying Zhu
210    @a北京@c时事出版社@d2001
215    @a185页@d19cm
517    @a泰国、菲律宾、马来西亚、印度尼西亚案例研究@ATai Guo、Fei Lu Bin、Ma Lai Xi Ya、Yin Du Ni Xi Ya An Li Yan Jiu
606 0  @a华人@x问题@x研究@y东南亚
690    @aD634.333@v4
701    @a方金英@4著
801    @aCN@bTSTC@c20030911
905    @b324716-718@dD634.333@e39@f3
    
    东南亚“华人问题”的形成与发展:泰国、菲律宾、马来西亚、印度尼西亚案例研究/方金英著.-北京:时事出版社,2001
    185页;19cm
    
    
    ISBN 7-80009-672-6:CNY18.00
    
●
相关链接 在E读中查询图书 在五车中查询图书 在当当中查询图书 在豆瓣中查询图书


正题名:东南亚"华人问题"的形成与发展     索取号:D634.333/39         预约/预借

序号 登录号 条形码 馆藏地/架位号 状态 备注
1 0324716   203247165   第一借阅区/ [索取号:D634.333/39] 在馆    
2 0324717   203247174   第一借阅区/ [索取号:D634.333/39] 在馆    
3 0324718   203247183   第一样本阅览室/ [索取号:D634.333/39] 在馆    
欢迎您!
大连网信软件有限公司© 版权所有